000 00409nam a2200145Ia 4500
008 231129s2010||||xx |||||||||||||| ||spa||
020 _a978-958-749-030-5
040 _bspa
082 _a346.07 ó96c
100 _aOviedo Albán Jorge
245 0 _aEl contrato de promesa en el derecho privado
260 _c2010
264 _aGrupo Editorial Ibáñez
942 _2ddc
_cBKS
999 _c10667
_d10667